000 00480cam a2200145 4500500
005 20251228073329.0
041 _afre
042 _adc
100 1 0 _aSantelmann, Paul
_eauthor
245 0 0 _aFRÉTIGNÉ, C. (2004). Une formation à l’emploi ? Paris : L’Harmattan
260 _c2005.
500 _a3
786 0 _nSavoirs | 8 | 2 | 2005-06-01 | p. 125d-135d | 1763-4229
856 4 1 _uhttps://shs.cairn.info/revue-savoirs-2005-2-page-125d?lang=fr&redirect-ssocas=7080
999 _c1595045
_d1595045